000 00474nam a2200193Ia 4500
003 OSt
005 20251119104845.0
008 250729s1995 xx 000 0 und d
020 _a978-9383737871
040 _cAL
041 _aeng
082 _a954 VIYF
100 _aViyogi Naval
_9224591
245 _a Founders of indus valley civilization & their later history
260 _aNew Delhi
_c1995
300 _a366p
650 _aHistory
_9224592
942 _2ddc
_cBED
999 _c236485
_d236485